000 00524nam a2200205Ia 4500
003 IIN
005 20251103124135.0
008 231217s9999 xx 000 0 und d
020 _cRs.595.00
_a9789350909461
040 _aIIN
_bEnglish
082 _a610.7
_bANT
100 1 _aAnthikad, Jacob
245 1 _aNutrition and Biochemistry for nurses
_cJacob Anthikad
250 _a2nd ed
260 _bJaypee
_aNew Delhi
_c2014
300 _axxxv, 502 p.
650 1 _aNutrition
650 1 _aBiochemistry
942 _cBOOK
999 _c626
_d626